[Event "CZE-ch U16 Girls"]
[Site "Kouty nad Desnou"]
[Date "2020.03.10"]
[Round "5"]
[White "Vlachynska, Lilian"]
[Black "Merinska, Julie"]
[Result "1-0"]
[WhiteElo "1224"]
[BlackElo "1182"]
[PlyCount "91"]
[EventDate "2020.03.07"]
[EventType "swiss"]
[EventRounds "7"]
[EventCountry "CZE"]
[SourceTitle "CBM 195 Extra"]
[Source "ChessBase"]
[SourceDate "2020.05.31"]
[SourceVersion "1"]
[SourceVersionDate "2020.05.31"]
[SourceQuality "1"]

1. e4 e5 2. Nf3 Nc6 3. Nc3 Bc5 4. Nxe5 Nxe5 5. d4 Bxd4 6. Qxd4 Qf6 7. Qe3 Ne7 8. f4 N5c6 9. Bc4 0-0 10. 0-0 Qd4 11. Bd3 d6 12. Nb5 Qxe3+ 13. Bxe3 Bd7 14. Nxc7 Rac8 15. Nb5 d5 16. Nxa7 Nxa7 17. Bxa7 dxe4 18. Bxe4 Bc6 19. Bxc6 Nxc6 20. Bc5 Rfe8 21. c3 Re2 22. Rf2 Rce8 23. Rxe2 Rxe2 24. Ba3 b5 25. Rd1 g6 26. Kf1 Re4 27. g3 Kg7 28. Kf2 Kf6 29. Rd6+ Re6 30. Rxe6+ Kxe6 31. Ke3 Kd5 32. Kd3 Na5 33. b3 f5 34. Bb4 Nc6 35. a3 Ke6 36. c4 bxc4+ 37. Kxc4 Kd7 38. Bc3 Kd6 39. b4 Na7 40. a4 Nc8 41. a5 Na7 42. b5 Kd7 43. Kc5 Nc8 44. Be5 Na7 45. b6 Nc6 46. a6 1-0